00374nam a2200109Ia 4500008004100000082001800041100002800059245005000087260004000137630001800177650006900195211109s9999||||xx |||||||||||||| ||und|| a515.35bJAN-D aJanardhanan Pillai, C P 0aDifferential Equations and Numerical Analysis bAjith Book CentreaOttappalamc1993 xGeneral stack aAnalysisvMathematicsxNatural sciences & mathematicsMathematics